00896cam a22002292 450000100060000000300080000600500170001400800410003103500190007204000320009104100140012308200210013710000260015824501840018426000650036830000320043350001140046550400210057965000230060065000140062370000290063732945BD-RjUL20211209051923.0140429r19571944ii 001 0 eng d a(BD-RjUL)33035 aOBEcOBEdEQOdBD-RjULbeng1 aenggertib04a294.32bTAM 19570 aTāranātha,d1575-10aMystic tales of Lāmā Tārānātha :ba religio-sociological history of Mahāyāna Buddhism /cby Lāmā Tārānātha. Translated into English by Bhupendranath Datta. aCalcutta :bRamakrishna Vedanta Math,c1944 [Reprint 1957 ]. axv, 128 p. :bill. ;c23cm. aTranslated from Albert Grünwedel's German translation (titled, Edelsteinmine) of the original Tibetan work. aIncludes index.  0aMahayana Buddhism. 0aBuddhism.1 aDatta, Bhupendranātha.